| 000 -LEADER |
| fixed length control field |
02965cam a2200349 a 4500 |
| 001 - CONTROL NUMBER |
| control field |
15979587 |
| 005 - DATE AND TIME OF LATEST TRANSACTION |
| control field |
20170105102842.0 |
| 008 - FIXED-LENGTH DATA ELEMENTS--GENERAL INFORMATION |
| fixed length control field |
091110s2010 nyua b 001 0 eng |
| 010 ## - LIBRARY OF CONGRESS CONTROL NUMBER |
| LC control number |
2009045293 |
| 020 ## - INTERNATIONAL STANDARD BOOK NUMBER |
| International Standard Book Number |
9780415961103 |
| 020 ## - INTERNATIONAL STANDARD BOOK NUMBER |
| International Standard Book Number |
0415961106 |
| 035 ## - SYSTEM CONTROL NUMBER |
| System control number |
(OCoLC)ocn465330240 |
| 040 ## - CATALOGING SOURCE |
| Original cataloging agency |
DLC |
| Transcribing agency |
DLC |
| Modifying agency |
YDX |
| -- |
YDXCP |
| -- |
BWX |
| -- |
CDX |
| -- |
NLGGC |
| -- |
DLC |
| 050 00 - LIBRARY OF CONGRESS CALL NUMBER |
| Classification number |
PN4784.C615 |
| Item number |
I36 2010 |
| 082 00 - DEWEY DECIMAL CLASSIFICATION NUMBER |
| Classification number |
070.4/3 |
| Edition number |
22 |
| 084 ## - OTHER CLASSIFICATION NUMBER |
| Classification number |
05.33 |
| Number source |
bcl |
| 245 00 - TITLE STATEMENT |
| Title |
International journalism and democracy : |
| Remainder of title |
civic engagement models from around the world / |
| Statement of responsibility, etc. |
edited by Angela Romano. |
| 260 ## - PUBLICATION, DISTRIBUTION, ETC. |
| Place of publication, distribution, etc. |
New York : |
| Name of publisher, distributor, etc. |
Routledge, |
| Date of publication, distribution, etc. |
2010. |
| 300 ## - PHYSICAL DESCRIPTION |
| Extent |
ix, 251 p. : |
| Other physical details |
ill. ; |
| Dimensions |
24 cm. |
| 490 1# - SERIES STATEMENT |
| Series statement |
Routledge research in cultural and media studies ; |
| Volume/sequential designation |
25 |
| 504 ## - BIBLIOGRAPHY, ETC. NOTE |
| Bibliography, etc. note |
Includes bibliographical references and index. |
| 505 0# - FORMATTED CONTENTS NOTE |
| Formatted contents note |
Deliberative journalism. Deliberation and journalism / Angela Romano -- American public journalism versus other international media models / Angela Romano -- Public and citizen journalism. Public journalism in South Africa : experiences and experiments with local and community media / Brett Davidson -- Civic journalism initiatives in Nigeria / Tokunbo (Tokz) Awoshakin -- Sustaining public journalism practices : the Australian experience / Angela Romano -- Public journalism, kiwi style : lingering echoes of a big bang / Margie Comrie and David Venables -- Public journalism in Japan : experiments by a national paper / Yohtaro Hamada -- Civic and citizen journalism in Germany / Klaus Forster -- Public journalism in Finnish mainstream newspapers / Laura Avha -- Citizen voices : public journalism made in Colombia / Ana Maria Miralles (translated by Angela Romano) -- Other deliberative models for peace, participation, development and empowerment. Britain's big issue : street papers as social entrepreneurs / Angela Romano -- Inspiring public participation : environmental journalism in China / Jiannu Bao -- Peace journalism in Indonesia / Gita Widya Laksmini Soerjoatmodjo -- Traditions of public journalism in India / Pradip Thomas -- In the hands of the people : citizen media for revitalising Puerto Rico's poor communities / Angela Romano and Anette Sofía Ruiz Morales -- Viração Magazine : consciousness-raising media for young Brazilians / Paulo Lima and Maria Izabel Leão (translated by Angela Romano and Alice Baroni) -- Conclusions. Ongoing issues for deliberative journalism / Angela Romano. |
| 650 #0 - SUBJECT ADDED ENTRY--TOPICAL TERM |
| Topical term or geographic name entry element |
Citizen journalism. |
| 650 #0 - SUBJECT ADDED ENTRY--TOPICAL TERM |
| Topical term or geographic name entry element |
Journalism |
| General subdivision |
Social aspects. |
| 650 #0 - SUBJECT ADDED ENTRY--TOPICAL TERM |
| Topical term or geographic name entry element |
Journalism |
| General subdivision |
Political aspects. |
| 700 1# - ADDED ENTRY--PERSONAL NAME |
| Personal name |
Romano, Angela Rose. |
| 830 #0 - SERIES ADDED ENTRY--UNIFORM TITLE |
| Uniform title |
Routledge research in cultural and media studies ; |
| Volume/sequential designation |
25. |
| 856 42 - ELECTRONIC LOCATION AND ACCESS |
| Materials specified |
Contributor biographical information |
| Uniform Resource Identifier |
<a href="http://www.loc.gov/catdir/enhancements/fy1102/2009045293-b.html">http://www.loc.gov/catdir/enhancements/fy1102/2009045293-b.html</a> |
| 906 ## - LOCAL DATA ELEMENT F, LDF (RLIN) |
| a |
7 |
| b |
cbc |
| c |
orignew |
| d |
1 |
| e |
ecip |
| f |
20 |
| g |
y-gencatlg |
| 942 ## - ADDED ENTRY ELEMENTS (KOHA) |
| Source of classification or shelving scheme |
|
| Koha item type |
Book |